1271 1896 1122 1954 1645 1220 1767 1170 1333 1844 1012 1496 1168 1450 1808 1757 1134 1697 1558 1330 1429 1982 1839 1282 1889 1101 1914 1570 1984 1759 1374 1871 1168 1766 1217 1929 1646 1843 1062 1657 1251 1853 1355 1246 1442 1130 1521 1324 1567 1415 1184 1432 1254 1315 1400 1268 1730 1816 1542 1424 1066 1799 1554 1277 1212 1907 1036 1227 1613 1607 1515 1663 1996 1330 1540 1522 1308 1194 1444 1984 1163 1052 1227 1490 1823 1853 1972 1582 1995 1505 1666 1140 1347 1836 1806 1447 1709 1168 1779 BCNSPRNW ULIB Ver.6.0+V

เปลี่ยนเป็นภาษาไทย

Change to English
 แสดงรายละเอียดบรรณานุกรม
  กลับหน้าหลัก

Brief Record : Get Marc (ISO 2709) : E-mail record : QR code < ปิดหน้าต่าง
LEADER : 00000nam 2200000uu 4500
001    13399108579
003     ULIB
008    110309s2551||||th 000 0 tha d
020    9789741395682
060 04 QV767^bอ911น 2551
100 0  เอมอร ตรีภิญโญยศ
245 10 น้ำเอนไซม์สลายมะเร็ง =^bEnzyem stop cancer /^cเอมอรตรีภิญโญยศ
246 31 Enzyem stop cancer
260    กรุงเทพฯ :^bDดี,^c2551
300    134, [2] หน้า :^bภาพประกอบ ;^c22 ซม.
650  7 น้ำผลไม้
650  7 มะเร็ง^xการรักษาด้วยสมุนไพร
650  7 เอนไซม์
945    ^p250^l0^i024514
945    ^p250^l0^i024513
945    ^p250^l0^i024512
995    ทศพร
999 ^a ใช้งานได้ทุกระบบ
รายการนี้ยังไม่มีแท็ก
คุณยังไม่ได้ล็อกอิน คุณสามารถมีกิจกรรมร่วมกับเว็บไซต์ได้ แต่ต้องล็อกอินก่อน ::
  ล็อกอิน

รายการสื่อสารสนเทศ

ลำดับที่ ประเภท เลขเรียก/บาร์โค้ด สถานที่ สถานะ
- ไม่พบข้อมูล -

รายการใกล้เคียง
    ผู้แต่ง [เอมอร ตรีภิญโญยศ]

    หัวเรื่อง [น้ำผลไม้]
    หัวเรื่อง [เอนไซม์]

BibComment


ยังไม่เคยถูกคอมเมนท์

คอมเมนท์ทรัพยากรรายการนี้
  คอมเมนท์: น้ำเอนไซม์สลายมะเ..


 Copyright 2026. Bcnsprnw @Library